| 000 | 01251cas a2200361 4500 | ||
|---|---|---|---|
| 008 | 750920c19669999fr mr p 0 b0fre | ||
| 010 | _a 71207518 | ||
| 022 | _a024-9807 | ||
| 040 |
_aDLC _beng _cMnMULS _dNAlULS _dCtY _dDLC _dAIP _dFU _dNST _dDNLM _dOCoLC _dNLGGC _dCaQQL _dOCoLC _dMH _dInU _dJ9U _dUKMGB _dUV0 _dDLC |
||
| 050 | 0 | 0 |
_aPN3 _b.M33 |
| 082 | 4 | _a809 | |
| 092 | 0 | 4 |
_a809 _bM189 _221 |
| 099 |
_a04 _a809 M189 |
||
| 210 | 0 | _aMag. litt. | |
| 222 | 0 | _aMagazine litteraire | |
| 245 | 0 | 0 | _aMagazine litteraire |
| 260 |
_a[Paris, _bMagazine litteraire] |
||
| 300 |
_ano. _bill., ports. _c28 cm. |
||
| 310 |
_a12 no. a year, _b2012- |
||
| 321 |
_a11 no. a year, _b-2011 |
||
| 362 | 1 |
_aBegan with Nov. 1966 issue. _zCf. Biblio, 1967 |
|
| 515 | _aSome issues combined. | ||
| 525 | _aSome issues accompanied by audio CDs. | ||
| 530 | _aAlso issued online. | ||
| 650 | 0 |
_aLiterature, Modern _vPeriodicals. |
|
| 650 | 6 |
_aLitterature _vPeriodiques. |
|
| 650 | 1 | 7 |
_aLiteratuurwetenschap. _2gtt |
| 776 | 0 | 8 |
_iOnline version: _tMagazine littâeraire _w(OCoLC)566209022 |
| 905 |
_a _eRev. |
||
| 905 |
_aJamal _eCat. |
||
| 942 |
_2ddc _cBK |
||
| 999 |
_c133095 _d133095 |
||